000 01172nam a2200313 i 4500
003 DO-SdBNP
005 20250528132222.0
007 ta
008 241014s1984 dr a 000 0 spa d
040 _aDO-SdBNP
_bspa
_cBNPHU
_erda
082 _bK68s
_222
100 1 _4aut.
_aKneitschel, Dietmar
_932020
_eautor
245 1 3 _aEl sindicato y la democracia :
_bcuaderno del participante /
_cDietmar Kneitschel ; dibujos Víctor Nolasco
264 _aSanto Domingo :
_bFundación Friedrich Ebert,
_bEditora Nuevas rutas,
_c1984.
300 _a50 páginas
_bilustraciones
_c21 cm.
336 _atexto
_btxt
_2rdacontent
337 _asin mediación
_bn
_2rdamedia
338 _avolumen
_bnc
_2rdacarrier
490 1 _aMódulos audiovisuales de capacitación sindical
_v2
590 _aInventariado, 2024/ YL
650 4 _aTrabajo y trabajadores
_zRepública Dominicana
_97272
650 0 _aActividades obreras internacionales
_97273
650 0 _aSindicalismo
_97274
650 0 _aSindicatos
_xActividad política
_97275
650 4 _aGremios
_zRepública Dominicana
_97276
700 1 _4il.
_aNolasco, Víctor
_932021
_eilustraciones
910 _aYLockward
942 _2ddc
_cLF2
999 _c57841
_d57841